000 00240nam a2200121Ia 4500
100 _aCIMI-DGET
942 _cBK
245 _aTurner First Year Trade Theory
260 _bCIMI
_aChennai
300 _a338
546 _aENGLISH
999 _c28449
_d28449